Government in Spain : (Record no. 64036)
[ view plain ]
| 000 -LEADER | |
|---|---|
| fixed length control field | 00810nam a2200265 a 4500 |
| 001 - CONTROL NUMBER | |
| control field | 64036 |
| 003 - CONTROL NUMBER IDENTIFIER | |
| rucl marc code | BD-RjUL |
| 005 - DATE AND TIME OF LATEST TRANSACTION | |
| control field | 20211209081250.0 |
| 008 - FIXED-LENGTH DATA ELEMENTS--GENERAL INFORMATION | |
| fixed length control field | 170208s1973 enk b 001 0 eng |
| 020 ## - INTERNATIONAL STANDARD BOOK NUMBER | |
| International Standard Book Number | 0080169406 |
| 035 ## - SYSTEM CONTROL NUMBER | |
| System control number | (BD-RjUL)64166 |
| 040 ## - CATALOGING SOURCE | |
| Original cataloging agency | DLC |
| Transcribing agency | DLC |
| Modifying agency | BD-RjUL |
| Language of cataloging | eng |
| 041 ## - LANGUAGE CODE | |
| Language code of text/sound track or separate title | eng |
| 082 00 - DEWEY DECIMAL CLASSIFICATION NUMBER | |
| Classification number | 946 |
| Edition number | 23 |
| Author mark and year | MEG 1973 |
| 100 1# - MAIN ENTRY--PERSONAL NAME | |
| Personal name | Medhurst, Kenneth, |
| Dates associated with a name | 1938- |
| 9 (RLIN) | 190215 |
| 245 10 - TITLE STATEMENT | |
| Title | Government in Spain : |
| Remainder of title | the executive at work / |
| Statement of responsibility, etc. | by Kenneth N. Medhurst. |
| 250 ## - EDITION STATEMENT | |
| Edition statement | 1st ed. |
| 260 ## - PUBLICATION, DISTRIBUTION, ETC. (IMPRINT) | |
| Place of publication, distribution, etc. | New York : |
| Name of publisher, distributor, etc. | Pergamon Press, |
| Date of publication, distribution, etc. | c1973 |
| 300 ## - PHYSICAL DESCRIPTION | |
| Pagination | xiii, 256 p. ; |
| Size | 21 cm. |
| 490 0# - SERIES STATEMENT | |
| Series statement | Governments of Western Europe. |
| 504 ## - BIBLIOGRAPHY, ETC. NOTE | |
| Bibliography, etc | Include Bibliography and index |
| 651 #0 - SUBJECT ADDED ENTRY--GEOGRAPHIC NAME | |
| Geographic name | Spain |
| General subdivision | Politics and government |
| Chronological subdivision | 1939-1975. |
| 9 (RLIN) | 190216 |
| 856 ## - ELECTRONIC LOCATION AND ACCESS | |
| Materials specified | Governments of Western Europe. |
| 942 ## - ADDED ENTRY ELEMENTS (KOHA) | |
| Source of classification or shelving scheme | Dewey Decimal Classification |
| Koha item type | Books |
| Lost status | Source of classification or shelving scheme | Damaged status | Not for loan | Collection code | Permanent Location | Current Location | Shelving location | Date acquired | Source of acquisition | Cost, normal purchase price | Total Checkouts | Full call number | Date last seen | Copy number | Koha item type |
|---|---|---|---|---|---|---|---|---|---|---|---|---|---|---|---|
| Dewey Decimal Classification | Not For Loan | Non-fiction | Central Library, University of Rajshahi | Central Library, University of Rajshahi | Reading Room | 27/05/1975 | Gonathan & Co. | 2.85 | 946 MEG 1973 | 08/02/2017 | C-1 | Books |